000 00434nam a2200169Ia 4500
008 090711s9999 xx 000 0 und d
082 _b52552
100 _aवगळ अरुण
245 _aबिल्डर्स
260 _c1986
300 _a252
600 _aवगळ अरुण
630 _aबिल्डर्स
700 _aवगळ अरुण
730 _aबिल्डर्स
942 _cBOOK
999 _c301953
_d301953